000 00711cam a2200241 a 4500
001 000008025
005 20200929154410.0
008 810403s1973 sp 000 f spa d
020 _a8432504874
040 _aDO-SdBNP
_cCarP
_dDLC
082 _a863.64
_bM385a
100 1 _aMartínez Reverte, Javier,
_d1944-
_921924
245 1 3 _aLa aventura de Ulises /
_cJavier Martínez Reverte.
260 _aMadrid :
_bDoncel,
_c1973.
300 _a163 p. ;
_c18 cm.
490 1 _aLibro joven de bolsillo
_v50
650 4 _aNovela española
_91123
650 4 _aLiteratura española
_9632
830 0 _aLibro joven de bolsillo ;
_v50
_912847
910 _aCatalogación por copia / LC
910 _aWM
049 _aBNGR
999 _c7802
_d7802